ბათუმის შოთა რუსთაველის სახელმწიფო უნივერსიტეტის ბიბლიოთეკა

ცირკი მიდის : (ბიბ.ჩანაწერი № 54724)

000 -ლიდერი
ფიქსირებული სიგრძის საკონტროლო ველი 01222nam a2200277Ia 4500
001 - საკონტროლო ნომერი
საკონტროლო ველი 21791
003 - საკონტროლო ნომრის იდენტიფიკატორი
საკონტროლო ველი GE_BSU
005 - ბოლო ოპერაციის თარიღი და დრო
საკონტროლო ველი 20220420152304.0
008 - ფიქსირებული სიგრძის მონაცემთა ელემენტები - ზოგადი ინფორმაცია
ფიქსირებული სიგრძის საკონტროლო ველი 181216s ||||ge |||||||||||||| ||geo||
020 ## - წიგნის საერთაშორისო სტანდარტული ნომერი
International Standard Book Number 9789941464522
040 ## - კატალოგიზაციის წყარო
Transcribing agency GE_BSU
041 ## - ენის კოდი
Language code of text/sound track or separate title geo
080 ## - უნივერსალური ათობითი კლასიფიკაციის ინდექსი
Universal Decimal Classification number 821.133.1-31 მ-80
100 ## - მთავარი ჩანაწერი - პიროვნების სახელი
Personal name მოდიანო, პატრიკ
9 (RLIN) 13685
245 ## - ცნობა სათაურის შესახებ
Title ცირკი მიდის :
Remainder of title რომანი /
Statement of responsibility, etc პატრიკ მოდიანო ; ფრანგულიდან თარგმნა ალინა ოქროპირიძემ ; მხატვარი ნინო ლომსაძე.
250 ## - გამოცემის ცნობა
Edition statement პირველი ქართული თარგმანი
264 ## - წარმოების, გამოცემის, დისტრიბუციის და სხვა ცნობები
გამოცემის, წარმოების, დისტრიბუციის... ადგილი თბილისი :
გამოცემის, წარმოების, დისტრიბუციის... სახელწოდება ელფი,
გამოცემის, წარმოების, დისტრიბუციის... თარიღი 2016.
300 ## - ფიზიკური აღწერა
Extent 136 გვ. ;
Dimensions 18 სმ.
490 ## - სერიის ცნობა
Series statement თანამედროვე ბესტსელერი
653 ## - INDEX TERM--UNCONTROLLED
Uncontrolled term რომანი
653 ## - INDEX TERM--UNCONTROLLED
Uncontrolled term ცირკი მიდის
700 ## - ADDED ENTRY--PERSONAL NAME
Personal name ოქროპირიძე, ალინა
Relator term მთარგმნელი
9 (RLIN) 13686
700 ## - ADDED ENTRY--PERSONAL NAME
Personal name ლომსაძე, ნინო
Relator term მხატვარი
9 (RLIN) 7095
942 ## - ADDED ENTRY ELEMENTS (KOHA)
Koha item type წიგნი
Source of classification or shelving scheme
ეგზემპლარები
ჩამოწერის სტატუსი დაკარგული ეგზემპლარის სტატუსი კლასიფიკაციის წყარო ან თაროზე გაწყობის სქემა დაზიანების სტატუსი არ გაიცემა მუდმივი მდებარეობა (დაცვის ადგილი) ამჟამინდელი ადგილსამყოფელი თაროზე განთავსების ადგილი შეძენის თარიღი ღირებულება, შესყიდვის ნორმალური ფასი სრული შენახვის შიფრი შტრიხკოდი ბოლო ოპერაციის თარიღი ეგზემპლარის მიმდევრობითი ნომერი (კეტერი?) ფასის ძალაში შესვლის თარიღი ეგზემპლარის სახეობა საჯარო შენიშვნა
          ბათუმის შოთა რუსთაველის სახელმწიფო უნივერსიტეტის მთავარი ბიბლიოთეკა ბათუმის შოთა რუსთაველის სახელმწიფო უნივერსიტეტის მთავარი ბიბლიოთეკა წიგნსაცავი 2018-12-17 3.00 821.133.1-31 მ-80 56200 2018-12-17 56200 2018-12-17 წიგნი 3.00 ₾.